Cities Turkish Mapping thinks I should visit in Türkiye (Map) - Statistics

General Stats
  • This quiz has been taken 59 times
  • The average score is 5 of 6
Answers on the Map
Answers color-coded by a green-red scale on the quiz's map according to % correct below.
 
Answer Stats
City % Correct
Istanbul
100%
İzmir
100%
Ankara
98%
Adana
85%
Gaziantep
70%
Bodrum
57%
No matching quizzes found
Score Distribution
Percent of People with Each Score
Percentile by Number Answered
Your Score History
You have not taken this quiz